Trouve la chanson de Nekfeu ! - Statistiques

Statistiques générales
  • Ce quiz a été pris 693 fois
  • Le résultat moyen est 6 sur 13
Statistiques - réponses
Extrait Réponse % Correct
J't'ai pas croisée dans le bus ce soir, pour t'oublier je m'infligeais toujours plus de taff Elle pleut (ft. Nemir)
89%
Et dans tes soirées y'a du monde au balcon, mais je ne parle pas de ton décolleté Princesse (ft. Nemir)
85%
Et même si notre amour raté devait renaître demain, elle m'a dit "jamais je ne remettrai mon coeur entre tes mains" Dans l'univers (ft. Vanessa Paradis)
73%
J'ai déjà connu les débuts d'un amour puéril, je n'avais pas l'intention de te mettre la bague au doigt Risibles amours
65%
Dans ta tête ça tourne pas rond, tes pensées sont des ellipses Avant tu riais (ft. Clara Luciani)
59%
Y'a que quand j'suis premier que j'reste à ma place Martin Eden
45%
Entièrement de ma faute, t'as tout faux si tu penses que les garçons vont en boîte pour danser Plume
30%
Héros de ma vie, maintenant auteur Nekketsu (ft. Crystal Kay)
29%
Si nos pays sont riches c'est grâce à tout ce qu'on a pillé Vinyle (ft. Alpha Wann)
24%
Cette nuit j'ai pas dormi on m'a appris un décès, un ange nous a laissé 7:77 am (ft. 86 Joon)
23%
Frère ou ennemi y'a pas d'entre-deux, les miens aimeraient m'avoir auprès d'eux Chanson d'amour
18%
J'ai compris qu'on est amoureux qu'une fois De mes cendres
15%
Il faut que j'arrête de me plaindre, y'a tellement pire dans ce bas monde Tout va bien (traduit du grec)
8%
Aucun quiz correspondant
Distribution des résultats
% des personnes avec chaque résultat
Percentile par nombre de réponses
Votre historique - résultats
Vous n’avez pas pris ce quiz